| 000 | 00787nam a2200265Ia 4500 | ||
|---|---|---|---|
| 003 | OSt | ||
| 005 | 20220918170127.0 | ||
| 006 | a|||||r|||| 00| 0 | ||
| 007 | ta | ||
| 008 | 220917b |||||||| |||| 00| 0 eng d | ||
| 020 | _a9023213610 (hbk) | ||
| 024 | _a20,567 | ||
| 037 | _cTextual | ||
| 040 |
_aARTS _cARTS _beng |
||
| 041 |
_2eng _aeng |
||
| 082 | _aR3xK32, L6 | ||
| 100 |
_aWilbur James. B ed _927221 |
||
| 245 | 0 |
_aSpinoza's metaphysics _b essays in critical appreciation |
|
| 260 |
_aAmsterdam _bVAm Gorcum _c1976 |
||
| 300 |
_avii,163p. _ccm. |
||
| 490 | _aPhilosophia spinozae perennis : Spinoza's philosophy and its relevance | ||
| 500 | _aBibliography 155-59p | ||
| 942 |
_hR3xK32, L6 _cTEXL _2CC |
||
| 999 |
_c132744 _d132744 |
||